|
|
|
|
| LEADER |
01487nam a2200373 a 4500 |
| 001 |
EBC3041942 |
| 003 |
MiAaPQ |
| 005 |
20200520144314.0 |
| 006 |
m o d | |
| 007 |
cr cn||||||||| |
| 008 |
121026s2006 gw sb 000 0 ger d |
| 020 |
|
|
|z 3899493281
|
| 020 |
|
|
|z 9783899493283
|
| 020 |
|
|
|z 9783110893052 (e-book)
|
| 035 |
|
|
|a (MiAaPQ)EBC3041942
|
| 035 |
|
|
|a (Au-PeEL)EBL3041942
|
| 035 |
|
|
|a (CaPaEBR)ebr10597767
|
| 035 |
|
|
|a (OCoLC)922944841
|
| 040 |
|
|
|a MiAaPQ
|c MiAaPQ
|d MiAaPQ
|
| 043 |
|
|
|a e------
|
| 050 |
|
4 |
|a KJC967
|b .Z56 2006
|
| 100 |
1 |
|
|a Zimmermann, Reinhard.
|
| 245 |
1 |
4 |
|a Die Europaisierung des Privatrechts und die Rechtsvergleichung
|h [electronic resource] :
|b Vortrag, gehalten vor der Juristischen Gesellschaft zu Berlin am 15. Juni 2005 /
|c von Reinhard Zimmermann.
|
| 260 |
|
|
|a Berlin :
|b De Gruyter Recht,
|c 2006.
|
| 300 |
|
|
|a 58 p.
|
| 490 |
1 |
|
|a Schriftenreihe der Juristischen Gesellschaft zu Berlin ;
|v Heft 179
|
| 504 |
|
|
|a Includes bibliographical references.
|
| 533 |
|
|
|a Electronic reproduction. Ann Arbor, MI : ProQuest, 2015. Available via World Wide Web. Access may be limited to ProQuest affiliated libraries.
|
| 650 |
|
0 |
|a Civil law
|z Europe.
|
| 650 |
|
0 |
|a Comparative law.
|
| 655 |
|
4 |
|a Electronic books.
|
| 710 |
2 |
|
|a ProQuest (Firm)
|
| 830 |
|
0 |
|a Schriftenreihe der Juristischen Gesellschaft e.V. Berlin ;
|v Heft 179.
|
| 856 |
4 |
0 |
|u https://ebookcentral.proquest.com/lib/matrademy/detail.action?docID=3041942
|z Click to View
|